<?xml version="1.0" encoding="UTF-8"?>
<marc:record xmlns:marc="http://www.loc.gov/MARC21/slim">
   <marc:leader>00000nam a2200000 a 4500</marc:leader>
   <marc:datafield ind1="1" ind2=" " tag="100">
      <marc:subfield code="a">Hunter, Erin</marc:subfield>
      <marc:subfield code="4">aut</marc:subfield>
      <marc:subfield code="e">Verfasser/-in</marc:subfield>
   </marc:datafield>
   <marc:datafield ind1="0" ind2="0" tag="245">
      <marc:subfield code="a">Mitternacht</marc:subfield>
   </marc:datafield>
   <marc:datafield ind1=" " ind2="1" tag="264">
      <marc:subfield code="b">Beltz &amp; Gelberg</marc:subfield>
      <marc:subfield code="c">2011</marc:subfield>
   </marc:datafield>
   <marc:datafield ind1="1" ind2=" " tag="490">
      <marc:subfield code="a">Warrior Cats - Die neue Prophezeiung</marc:subfield>
   </marc:datafield>
   <marc:datafield ind1="1" ind2=" " tag="520">
      <marc:subfield code="a">Die neue Prophezeiung: &amp;#x00bb;Finsternis, Luft, Wasser und Himmel werden zusammentreffen &amp;#x2026; und den Wald bis in seine Wurzeln erschüttern.&amp;#x00ab; &amp;#x00bb;In Tagen, die kommen, braucht einer den anderen. Eure Reise endet nicht hier, kleiner Krieger, sie fängt gerade an.&amp;#x00ab; Brombeerkralle, Federschweif, Bernsteinpelz und Krähenpfote, vier junge Katzen aus den vier Clans des Waldes empfangen mysteriöse Träume vom SternenClan: Sie sind auserwählt, ihre Clans vor einem großen Unheil zu bewahren. Doch worin besteht dieses Unheil? Und wie können ausgerechnet sie es verhindern? Die Lösung des Rätsels erwartet sie fern des Waldes, beim Wassernest der Sonne &amp;#x2026;</marc:subfield>
   </marc:datafield>
   <marc:datafield ind1=" " ind2=" " tag="020">
      <marc:subfield code="a">9783407744975</marc:subfield>
      <marc:subfield code="9">9783407744975</marc:subfield>
   </marc:datafield>
</marc:record>
